000 00237nam a2200097Ia 4500
001 874619
005 20250826181319.0
008 250824s9999 xx 000 0 und d
245 0 _aBAMBAŞKA
_cKAHRAMAN TAZEOĞLU
260 _bDESTEK YAYINLARI
999 _c874619
_d874619